| 000 | 04705cam a2200529 a 4500 | ||
|---|---|---|---|
| 999 |
_c129931 _d129931 |
||
| 001 | 1516022 | ||
| 003 | ARRUPE | ||
| 005 | 20191016105237.0 | ||
| 008 | 890717m19889999onc b 001 0 eng | ||
| 010 | _a 89163374 | ||
| 020 |
_a0802034543 (v. 3) : _c$95.00 |
||
| 020 |
_a0802034551 (pbk. : v. 3) : _c$35.00 |
||
| 020 | _a0802034381 (v. 4) | ||
| 020 | _a9780802099679 (v. 11 : alk. paper) | ||
| 020 | _a9781442640863 (v. 11 : alk. paper) | ||
| 020 | _a9781487500672 (v. 13 : alk. paper) | ||
| 020 | _a9781487503017 (v. 14 : cloth : acidfree paper) | ||
| 020 | _a9781487522247 (v. 14 : paper : acidfree paper) | ||
| 020 | _a9781487501648 (v. 16 : acidfree paper) | ||
| 020 | _a9781442643871 (v. 19) | ||
| 020 | _a9781442646308 (v. 23 : acidfree paper) | ||
| 020 | _a9781442646292 (v. 24 : acidfree paper) | ||
| 040 |
_aDLC _cDLC _dDLC |
||
| 050 | 0 | 0 |
_aB995 _b.L65 1988 |
| 082 | 0 | 0 |
_a191 _220 |
| 100 | 1 |
_aLonergan, Bernard J. F. _948378 |
|
| 240 | 1 | 0 |
_aWorks. _f1988 |
| 245 | 1 | 0 | _aCollected works of Bernard Lonergan. |
| 260 |
_aToronto : _bPublished by University of Toronto Press for Lonergan Research Institute of Regis College, _cc1988-<c2017> |
||
| 300 |
_av. <1-8, 10-11, 13-24> ; _c25 cm. |
||
| 504 | _aIncludes bibliographical references and indexes. | ||
| 505 | 1 | _av. 1. Grace and freedom : operative grace in the thought of St. Thomas Aquinas / edited by Frederick E. Crowe and Robert M. Doran -- v. 2. Verbum : word and idea in Aquinas / edited by Frederick E. Crowe and Robert M. Doran -- v. 3. Insight / edited by Frederick E. Crowe and Robert M. Doran. (5th ed., rev. and augm.) -- v. 4. Collection / edited by Frederick E. Crowe and Robert M. Doran. (2nd ed., rev. and augm.) -- v. 5. Understanding and being / edited by Elizabeth A. Morelli and Mark D. Morelli. (5th ed., rev. and augm.) -- v. 6. Philosophical and theological papers, 1958-1964 / edited by Robert C. Croken, Frederick E. Crowe, and Robert M. Doran -- v. 7. The ontological and psychological constitution of Christ / translated from the fourth edition of De constitutione Christi ontologica et psychologica by Michael G. Shields -- v. 8. The incarnate word / translated by Charles C. Hefling, Jr., edited by Robert M. Doran and Jeremy D. Wilkins -- v. 10. Topics in education / edited by Robert M. Doran and Frederick E. Crowe -- v. 11. The Triune God : doctrines / translated by from De Deo Trino : Pars dogmatica (1964) by Michael G. Shields ; edited by Robert M. Doran and H. Daniel Monsour -- v. 13. A second collection / Robert M. doran and John D. Dadosky -- v. 14. Method in theology / edited by Robert M. Doran and John D. Dadosky -- v. 15. Macroeconomic dynamics : an essay in circulation analysis / edited by Frederick G. Lawrence, Patrick H. Byrne, and Charles C. Hefling, Jr. -- v. 16. A third collection -- v. 17. Philosophical and theological papers, 1965-1980 / edited by Robert C. Croken and Robert M. Doran -- v. 18. Phenomenology and logic : the Boston College lectures on mathematical logic and existentialism / edited by Philip J. McShane -- v. 19. Early Latin theology -- v. 20. Shorter papers / edited by Robert C. Croken, Robert M. Doran, and H. Daniel Monsour -- v. 21. For a new political economy / edited by Philip J. McShane -- v. 22. Early works on theological method I / edited by Robert M. Doran andsnf Robert C. Croken -- v. 23. Early works on theological method 2 / edited by Robert M. Doran, and H. Daniel Monsour -- v. 24. Early works on theological method 3 / edited by Robert M. Doran, and H. Daniel Monsour | |
| 610 | 2 | 0 |
_aCatholic Church _xDoctrines. _948379 |
| 650 | 0 |
_aCatholic Church _xDoctrines _94786 |
|
| 650 | 0 |
_aPhilosophy _948380 |
|
| 650 | 0 |
_aTheology. _948381 |
|
| 650 | 0 |
_aEducation _xPhilosophy. _948382 |
|
| 700 | 1 |
_aCrowe, Frederick E. _948383 |
|
| 700 | 1 |
_aDoran, Robert M., _d1939- _948384 |
|
| 710 | 2 |
_aLonergan Research Institute. _948385 |
|
| 906 |
_a7 _bcbc _corignew _d2 _encip _f19 _gy-gencatlg |
||
| 942 |
_2lcc _cMONOGRAPH |
||